Curso de patologia general basada en el principio individualista o unitario / (Record no. 157610)

MARC details
000 -LEADER
campo de control de longitud fija 00827nam a2200193 i 4500
001 - NÚMERO DE CONTROL
campo de control 157610
003 - IDENTIFICADOR DE NÚMERO DE CONTROL
campo de control ES-MaACL
005 - FECHA Y HORA DE LA ÚLTIMA TRANSACCIÓN
campo de control 20240530062942.0
008 - DATOS DE LONGITUD FIJA--INFORMACIÓN GENERAL
campo de control de longitud fija 940301m18831889sp |||| | spa d
040 ## - FUENTE DE CATALOGACIÓN
Centro catalogador/agencia de origen AS
Lengua de catalogación spa
100 1# - ENTRADA PRINCIPAL--NOMBRE DE PERSONA
Nombre de persona Letamendi, José de,
Fechas asociadas al nombre 1828-1897
9 (RLIN) 71873
245 10 - MENCIÓN DEL TÍTULO
Título Curso de patologia general basada en el principio individualista o unitario /
Mención de responsabilidad, etc. obra compuesta e ilustrada por José de Letamendi para régimen de sus discípulos.
260 ## - PUBLICACIÓN, DISTRIBUCIÓN, ETC.
Lugar de publicación, distribución, etc. Madrid :
Nombre del editor, distribuidor, etc. [S.n.],
Fecha de publicación, distribución, etc. 1883-1889 (
Fabricante Establ. Tip. de E. Cuesta, a cargo de J.Giraldez)
300 ## - DESCRIPCIÓN FÍSICA
Extensión 2 t. en 3 v.(419 ; 420-980 ; 266 p.) :
Otras características físicas il. ;
Dimensiones 23 cm.
505 8# - NOTA DE CONTENIDO CON FORMATO
Nota de contenido con formato Contiene: 1. Nosologia -- 2.Nosografia -- 3. Nosognomia
650 #4 - PUNTO DE ACCESO ADICIONAL DE MATERIA--TÉRMINO DE MATERIA
Término de materia o nombre geográfico como elemento de entrada Patología.
9 (RLIN) 15884
852 ## - LOCALIZACIÓN
Ubicación ES-MaACL
Número de control de estantería F-12953-55
Nota libre -- Enc. pasta española
Holdings
Estatus retirado Estado de pérdida Estado de daño No para préstamo Colección Biblioteca de origen Biblioteca actual Ubicación en estantería Fecha de adquisición Total de préstamos Signatura topográfica completa Código de barras Visto por última vez Precio de reemplazo Tipo de ítem Koha
        Libros del s. XIX Biblioteca del Ateneo de Madrid Biblioteca del Ateneo de Madrid Sala Pecera Planta 2 17/01/2008   F-12953-55 1164933 23/02/2023 23/02/2023 Libro impreso antiguo